LEADER 01592nam a2200253 u 4500 001 000000016317 003 CaOOAMICUS 005 20070226105959.0 008 941216s1621 it u000 u lat u 035 $a10382499 040 $aPUL$bita 100 1 $aGiustiniani, Fabiano,$cvesc. di Ajaccio,$d1578-1627.$0(OLS)http://pul/name/14848 245 10$aTobias explanationibvs historicis, et documentis moralibus /$cillustratus a Fabiano Ivstiniano genuensi ex congreg. oratorij romani, episcopo adiacensi : accesservnt eivsdem tractatvs de hostili saevitia peccati, ad verba Raphaelis: Qui faciunt iniquitatem, & peccatum, hostes sunt animae suae. Tob. 12. 10. et de svperbia, eivs gradibvs, ac remediis, ad verba Tobias: Superbiam nunquam in tuo sensu, aut in tuo verbo dominari permittas: in ipsa enim initium sumpsit omnis perditio. Cap. 4. 14. Cvm indicibvs locvpletissimis. 260 $aRomae :$bsumptibus A. Brugiotti, ex typographia I. Mascardi,$c1621. 300 $a34 f. p., 528, [7] p. ;$c32 cm 500 $aFront. in rosso e nero, con incis. (stemma). 500 $aIniziali, finali. 500 $aComprende indici. 630 04$aBiblia.$pV.T.$pThobias.$0(OLS)http://pul/subject/9957 850 $aPUL 852 $aPUL$W1$xDP1 Antico 600$y25$m6 B 17$j22989$nBK-PRI$b $qStampati Antico$B22989$CPULBib$Z2$F22989 $H $81 941 1 $a15 996 $6245$aTobias explanationibvs historicis, et documentis moralibus$9(OLS)http://pul/title/23294 996 $6260$aRomae :$bsumptibus A. Brugiotti, ex typographia I. Mascardi$9(OLS)http://pul/publisher/55020 LEADER 01322nam a2200301 u 4500 001 000000030091 003 CaOOAMICUS 005 20070226112005.0 008 970904s1993 it u000 u ita u 020 $a8810205634 035 $a10768517 040 $aPUL(R)$bita 100 1 $aCarbone, Sandro Paolo.$0(OLS)http://pul/name/24312 245 13$aIl libro di Amos :$blettura ebraica, greca e aramaica /$cSandro Paolo Carbone, Giovanni Rizzi. 246 34$aAmos :$blettura ebraica, greca e aramaica 260 $aBologna :$bEDB,$cc1993. 300 $a176 p. ;$c24 cm 700 1 $aRizzi, Giovanni,$csac.,$d1950-$0(OLS)http://pul/name/24313 850 $aPUL 852 $aPUL$W1$xSL Religione 1$y3$m5 C 24$j41592$nBK-PRI$b $qStampati$B41592$CPULBib$Z2$F41592 $H $81 852 $aPUL$W1$xDP1 Fondo Gelio$y54$m4 C 22$j41593$nBK-PRI$b $qFondi$B41593$CPULBib$Z2$F41593 $HPUL0307 $81 941 1 $a8 941 1 $a1 961 $aINV: 70918 996 $6020$a8810205634$9(OLS)http://pul/number/37774 996 $6245$aIl libro di Amos :$blettura ebraica, greca e aramaica$9(OLS)http://pul/title/41303 996 $6246$aAmos :$blettura ebraica, greca e aramaica$9(OLS)http://pul/title/41304 996 $6260$aBologna :$bEDB$9(OLS)http://pul/publisher/56073